Every Song by Boston - Statistics

General Stats
  • This quiz has been taken 42 times
    36 since last reset
  • The average score is 21 of 61
Answer Stats
Album Song % Correct
Boston(1976) More Than a Feeling
100%
Third Stage(1986) Amanda
83%
Don't Look Back(1978) Don't Look Back
83%
Boston(1976) Smokin'
83%
Boston(1976) Peace of Mind
74%
Boston(1976) Hitch a Ride
70%
Boston(1976) Rock & Roll Band
70%
Walk On(1994) Walk On
70%
Walk On(1994) Walk On (Some More)
70%
Boston(1976) Foreplay
65%
Boston(1976) Long Time
65%
Third Stage(1986) Cool the Engines
61%
Don't Look Back(1978) Party
61%
Boston(1976) Let Me Take You Home Tonight
57%
Don't Look Back(1978) A Man I'll Never Be
48%
Third Stage(1986) Hollyann
48%
Third Stage(1986) Can'tcha Say (You Believe in Me)/Still in Love
43%
Don't Look Back(1978) Don't Be Afraid
43%
Don't Look Back(1978) Feelin' Satisfied
43%
Don't Look Back(1978) It's Easy
43%
Boston(1976) Something About You
43%
Corporate America(2002) Corporate America
39%
Third Stage(1986) We're Ready
39%
Third Stage(1986) Countdown
35%
Life, Love & Hope(2013) Life Love and Hope
35%
Don't Look Back(1978) The Journey
35%
Don't Look Back(1978) Used to Bad News
35%
Third Stage(1986) Third Stage Separation
30%
Third Stage(1986) Ignition
30%
Walk On(1994) I Need Your Love
30%
Walk On(1994) Get Organ-ized
26%
Greatest Hits(1997) Higher Power
26%
Third Stage(1986) I Think I Like It
22%
Walk On(1994) Livin' for You
22%
Third Stage(1986) My Destination
22%
Corporate America(2002) Someone
22%
Life, Love & Hope(2013) Someone
22%
Walk On(1994) Surrender to Me
22%
Greatest Hits(1997) Tell Me
22%
Third Stage(1986) To Be a Man
22%
Life, Love & Hope(2013) Heaven on Earth
17%
Corporate America(2002) I Had a Good Time
17%
Corporate America(2002) Turn it Off
17%
Walk On(1994) We Can Make It
17%
Walk On(1994) What's Your Name
17%
Third Stage(1986) A New World
13%
Corporate America(2002) Cryin'
13%
Corporate America(2002) Didn't Mean to Fall in Love
13%
Life, Love & Hope(2013) Didn't Mean to Fall in Love
13%
Life, Love & Hope(2013) Last Day of School
13%
Life, Love & Hope(2013) Love Got Away
13%
Life, Love & Hope(2013) Sail Away
13%
Life, Love & Hope(2013) Someday
13%
Corporate America(2002) Stare Out Your Window
13%
Walk On(1994) Walkin' at Night
13%
Corporate America(2002) With You
13%
Corporate America(2002) You Gave Up on Love
13%
Life, Love & Hope(2013) You Gave Up on Love
13%
Life, Love & Hope(2013) If You Were in Love
9%
Life, Love & Hope(2013) The Way You Look Tonight
9%
Life, Love & Hope(2013) Te Quiero Mia
4%
No matching quizzes found
Score Distribution
Percent of People with Each Score
Percentile by Number Answered
Your Score History
You have not taken this quiz since the last reset